| 000 | 00562nam a2200169Ia 4500 | ||
|---|---|---|---|
| 003 | SGT | ||
| 020 | _a9788125932505 | ||
| 082 |
_a604.2 _bJEY |
||
| 100 | _aJeyapoovan,T | ||
| 245 | _aEngineering graphics using autoCAD | ||
| 250 | _a4th Ed. | ||
| 260 |
_bVikas Publication House Pvt. Ltd _aN. Delhi _c2009 |
||
| 300 | _aV.p. | ||
| 650 | _aMECHANICAL ENGINEERING | ||
| 653 | _aBASICS OF ENGINEERING GRAPHICS,PROJECT OF POINTS,PROJECT OF STRAIGHT LINES,PROJECTIONS OF PLANES,AUXILIARY PROJECTIONS,PROJECTIONS OF SOLIDS,ORTHOGRAPHIC PROJECTIONS | ||
| 942 |
_2ddc _cBK |
||
| 999 |
_c5090 _d5090 |
||